Normale Ansicht MARC-Ansicht ISBD

Die Lebenswelt der Russlanddeutschen in den Zeiten des Umbruchs (1917-1990) : (Titelsatznr. 20299)

[ MARC ]
MARC-Details
000 -Satzkennung
Kontrollfeld mit fester Länge 00649nam a22002171c 4500
001 - Kontrollnummer
Kontrollfeld ht016238009
008 - Feld mit fester Länge zur physischen Beschreibung - Allgemeine Angaben
Kontrollfeld mit fester Länge 100608s2010 gw |||| 000u ger d
020 ## - Internationale Standardbuchnummer
Internationale Standardbuchnummer 9783837502
Verknüpfung 978-3-8375-02
041 ## - Sprachcode
Sprachcode des Textes/der Tonspur oder des separaten Titels ger
040 ## - Katalogisierungsquelle
Übertragungsstelle RU-10907106
003 - Kontrollnummer Identifier
Kontrollfeld RU-10907106
100 1# - Haupteintragung - Personenname
Personenname Kurilo, Olga
245 04 - Titel
Titel Die Lebenswelt der Russlanddeutschen in den Zeiten des Umbruchs (1917-1990) :
Zusatz zum Titel ein Beitrag zu ihrer kulturellen Mobilität und zum Identitätswandel
264 ## - Produktion, Veröffentlichung, Distribution, Herstellung und Urheberrechtsvermerk
Herstellungs-, Veröffentlichungs- Vertriebs-, Erzeugungsort Essen :
Produzent, Herausgeber, Distributor, Hersteller Klartext,
Datum der Herstellung, der Veröffentlichung, des Vertriebs oder des Urheberschutzvermerks 2010
300 ## - Physische Beschreibung
Umfang ca. 440 S.
650 #0 - Nebeneintragung unter einem Schlagwort - Sachschlagwort
Sachschlagwort oder geografischer Name als Eintragungselement Russlanddeutsche
650 #0 - Nebeneintragung unter einem Schlagwort - Sachschlagwort
Sachschlagwort oder geografischer Name als Eintragungselement Alltag
650 #0 - Nebeneintragung unter einem Schlagwort - Sachschlagwort
Sachschlagwort oder geografischer Name als Eintragungselement Nationalitätenpolitik
650 #0 - Nebeneintragung unter einem Schlagwort - Sachschlagwort
Sachschlagwort oder geografischer Name als Eintragungselement Identität
942 ## - Zusätzliche Felder (Koha)
Koha-Medientyp Monographien
Exemplare
Ausgeschieden Verloren Klassifikation oder Aufstellungssystematik Beschädigt Nicht entleihbar Heimatbibliothek Aufenthaltsbibliothek Aufstellungsort Erwerbungsdatum Inventarnummer Signatur Barcode Letzte Aktivität Preis gültig von Koha-Medientyp
    Andere/Generische Klassifikation     MWN Osteuropa MWN Osteuropa Magazin - 2 08/06/2010 11-00934 R 60 o Deut 25 E004015078FBA43F 23/02/2021 22/03/2021 Monographien